007740000a220012100045001000033000002450106000332600025001393000012001645000058001765020092002345200321003260010005006471 aArteaga Figueroa, Axel Emiro10aUna propuesta bíblica para la relación entre el Pastor y su familia / Axel Emiro Arteaga Figueroa aMedellín, Colombia a112 Pag aTesis (licenciatura)--Seminario Bíblico de Colombia aPresidente de jurado: Marcos Witting; Jurado: Alvaro Fernandez; Jurado: Manuel Reaño a- Panorama del problema actual. Análisis de la relación entre el pastor y su familia - Modelo Bíblico de la familia pastoral como parámetro a seguir por el pastor y su hogar - Pautas y sugerencias a seguir en la relación entre el pastor y su familia como modelo para mejorar las relaciones dentro del hogar2815